| 000 | 01624cab a2200313 4500 | ||
|---|---|---|---|
| 001 | ABS54613 | ||
| 008 | 090401t1996 xxu||||| |||| 00| 0 eng d | ||
| 035 | _a(Sirsi) u11350 | ||
| 041 | _aeng | ||
| 245 | _aKingston Upon Thames LBC v Marlow | ||
| 260 | _c1996 | ||
| 350 | _a0 | ||
| 490 |
_aRating Appeals _v(1996) RA, 87-92(6) |
||
| 520 | _aQBD 23 October 1995. M held the lease of office premises from 4 January 1983 until 30 November 1993. On 7 September 1990 the landlord served a High Court writ claiming damages for non payment of repair charges and seeking forfeiture of the lease due to breach of contract. M filed a defence disputing the amount but not seeking relief from forfeiture. On 30 November 1993 M vacated the premises, writing to the landlords stating his relinquishment of the tenancy. M paid mesne profits to the landlord. On 21 October 1994 K issued a summons against M for unpaid rates between 1 February 1994 and 31 March 1995. K appealed against the magistrate`s decision that M was no longer entitled to possession at the time and was not liable for rates claimed. "Held" appeal dismissed - M had unequivocally accepted repudiation of the lease on 30 November 1993. | ||
| 650 | _aBREACH OF CONTRACT | ||
| 650 | _aEMPTY PROPERTY | ||
| 650 | _aFORFEITURE | ||
| 650 | _aKINGSTON UPON THAMES BC V MARLOW | ||
| 650 | _aLIABILITY | ||
| 650 | _aMESNE PROFITS | ||
| 650 | _aPOSSESSION | ||
| 650 | _aREPAIRS | ||
| 650 | _aREPUDIATION | ||
| 650 | _aUNOCCUPIED PROPERTY RATES | ||
| 650 | _aUNPAID RATES | ||
| 690 | _aRATING AND VALUATION-CASE LAW | ||
| 942 | _n0 | ||
| 948 | _c04/03/1997 | ||
| 999 |
_c7227 _d7227 |
||